000
00317nam a22001457a 4500
999
_c
54914
_d
54914
008
190925b ||||| |||| 00| 0 eng d
020
_a
9780078028076
041
_a
eng
080
_a
004
082
_a
004
100
_a
28
101
_a
SHKI
245
_a
Applied Circuit Analysis
_c
Sadiku.M.N.O
942
_2
udc
_c
BK